|
|
|
|
| LEADER |
02176nam a2200601 i 4500 |
| 001 |
nkc20183049627 |
| 003 |
CZ PrNK |
| 005 |
20181217121139.0 |
| 007 |
ta |
| 008 |
181102t20182018xr a e 000 0 cze |
| 015 |
|
|
|a cnb003049627
|
| 020 |
|
|
|a 978-80-87338-93-3
|q (vázáno)
|
| 035 |
|
|
|a (OCoLC)1081351010
|
| 040 |
|
|
|a BOA001
|b cze
|d OLA001
|d ABA001
|e rda
|
| 043 |
|
|
|a e-xr---
|b e-xr-pl
|2 czenas
|
| 072 |
|
7 |
|a 94(437)
|x Dějiny Česka a Slovenska
|2 Konspekt
|9 8
|
| 080 |
|
|
|a 711.5
|2 MRF
|
| 080 |
|
|
|a 77.039
|2 MRF
|
| 080 |
|
|
|a 913:94
|2 MRF
|
| 080 |
|
|
|a 94(437.317)
|2 MRF
|
| 080 |
|
|
|a (437.317)
|2 MRF
|
| 080 |
|
|
|a (084.12)
|2 MRF
|
| 100 |
1 |
|
|a Bernhardt, Tomáš,
|d 1968-
|7 jo20000067337
|4 aut
|
| 245 |
1 |
0 |
|a Městský obvod Plzeň 1 :
|b Roudná, Lochotín, Košutka, Bolevec, Vinice, Bílá Hora /
|c Tomáš Bernhardt, Petr Mazný, Petr Flachs
|
| 246 |
3 |
0 |
|a Plzeň 1
|
| 250 |
|
|
|a Vydání první
|
| 264 |
|
1 |
|a Plzeň :
|b Starý most,
|c [2018]
|
| 264 |
|
4 |
|c ©2018
|
| 300 |
|
|
|a 175 stran :
|b ilustrace (některé barevné) ;
|c 31 cm
|
| 336 |
|
|
|a text
|b txt
|2 rdacontent
|
| 336 |
|
|
|a statický obraz
|b sti
|2 rdacontent
|
| 337 |
|
|
|a bez média
|b n
|2 rdamedia
|
| 338 |
|
|
|a svazek
|b nc
|2 rdacarrier
|
| 490 |
1 |
|
|a Starý most
|
| 504 |
|
|
|a Obsahuje bibliografii
|
| 650 |
0 |
7 |
|a městské obvody
|7 ph381217
|z Česko
|2 czenas
|
| 650 |
0 |
7 |
|a historické fotografie
|7 ph135159
|z Česko
|2 czenas
|
| 650 |
0 |
7 |
|a historický místopis
|7 ph137052
|z Česko
|2 czenas
|
| 650 |
0 |
9 |
|a city districts
|z Czechia
|2 eczenas
|
| 650 |
0 |
9 |
|a historical photographs
|z Czechia
|2 eczenas
|
| 650 |
0 |
9 |
|a historical topography
|z Czechia
|2 eczenas
|
| 651 |
|
7 |
|a Plzeň 1 (Česko)
|7 ge115545
|x dějiny
|2 czenas
|
| 651 |
|
9 |
|a Plzeň 1 (Czechia)
|x history
|2 eczenas
|
| 655 |
|
7 |
|a fotografické publikace
|7 fd132276
|2 czenas
|
| 655 |
|
9 |
|a photographical works
|2 eczenas
|
| 700 |
1 |
|
|a Mazný, Petr,
|d 1963-
|7 jn20010310398
|4 aut
|
| 700 |
1 |
|
|a Flachs, Petr,
|d 1969-
|7 xx0003908
|4 aut
|
| 830 |
|
0 |
|a Starý most
|0 s
|
| 910 |
2 |
|
|a BOA001
|b 4-1416.740
|
| 990 |
|
|
|a BK
|
| 995 |
|
|
|a 01
|
| 991 |
|
|
|b 201812
|c NOV
|
| 996 |
6 |
|
|b 2610760004
|c 4-1416.740
|l MZK
|r Sklad / do 1 hodiny
|n 0
|p p.v.
|w 001693867
|u 000010
|a 1
|e BOA001
|j MZK50
|s P
|